000 00332nam a22001217a 4500
008 180606b xxu||||| |||| 00| 0 eng d
041 _aeng
080 _a043.3
100 _a0
101 _aSHJ-BA
245 _aNdikimi i raportit te Bankes Boterore per te berit Biznes ne Klimen e Biznesit ne Kosove
_cGajtani, B
942 _2udc
_cBK
999 _c46494
_d46494